| 000 | 00824cab a2200253 4500 | ||
|---|---|---|---|
| 001 | ABS45793 | ||
| 008 | 090401t1992 xxu||||| |||| 00| 0 eng d | ||
| 035 | _a(Sirsi) u55077 | ||
| 041 | _aeng | ||
| 245 | _aAlternative land use | ||
| 260 | _c1992 | ||
| 300 | _aLOAN | ||
| 350 | _a0 | ||
| 490 |
_aFarm Development Review _v6(3) January 1992, 1-8(8) |
||
| 520 | _aCo-operation to promote farm enterprise in tourism and marketing is the theme of this guide. Additionally, it warns of forthcoming changes to planning law and notes the establishment of a toll road scheme for riding in Kent. | ||
| 650 | _aDIVERSIFICATION | ||
| 650 | _aFARM HOLIDAY BUREAU | ||
| 650 | _aFOOD FROM BRITAIN | ||
| 650 | _aGRANTS | ||
| 650 | _aHOLIDAY ACCOMMODATION | ||
| 690 | _aRURAL PRACTICE | ||
| 942 | _n0 | ||
| 948 | _c04/03/1997 | ||
| 999 |
_c33681 _d33681 |
||